01919cam a22004214i 4500003000900000005001700009008004100026020001500067035002700082040003300109082001900142100003700161245012600198264006800324300008300392336002100475337002500496338002300521490003800544500002300582504002800605505064300633526000901276526000901285526000901294526000901303526000901312526000901321526000801330526000801338526000801346526000801354526000801362526000801370650004101378650004101419650003701460PE-LiUPU20250731184531.0150623s r 000 0 d a156338261X a(Sirsi) i9781563382611 aPE-LiUPUbspacPE-LiUPUerda04a939.2bP622211 aKoester, Helmut,d1926-,eautor.10aPergamon citadel of the Gods :barchaeological record, literary description, and religious development /cHelmut Koester. 1aHarrisburg, Pennsylvania :bTrinity Press International,c1998. a439 páginas :bilustraciones, gráficos, mapas, láms. ;c23 centímetros atext2rdacontent aunmediated2rdamedia avolume2rdacarrier0 aHarvard Theological Studies ;v46 aContiene glosario. aIncluye bibliografía.0 aRecent research in and about Pergamon: a survey (ca. 1987-1997). -The Roman remodeling of the asklepieion. -Aelius Aristides and the Asklepieion. -The read Hall (Kizil Avlu) in Pergamon. -The cult of the Egyptian deities in Asia Minor. -The aarchitecture of the great altar of Pergamon. -Pergamon in early christian literature. -The library of Pergamon as a classical model. -The Zeus Philios and trajan temple: a context. -Beneath the gaze of the Gods: the Pergamon evidence for a developing theology of empire. -The sanctuary of Demeter at Pergamon: Cultic space for women and its eclipse. -The hellenistic and Roman houses of Pergamon. aP136 aP135 aP134 aP133 aP144 aP143 aP87 aP35 aP20 aP14 aP10 aP0604aBergama (Turquía)xAntigüedades.04aBergama (Turquía)xCivilización.04aBergama (Turquía)xReligión.